书目信息 |
| 题名: |
餐饮创业实战
|
|
| 作者: | 井泽岳志 著 ;陈修齐 译 | |
| 分册: | 2 小投资、低风险开店开业教科书 | |
| 出版信息: | 北京 东方出版社 2020.05 |
|
| 页数: | 12, 331页 | |
| 开本: | 21cm | |
| 丛书名: | 图解服务的细节 | |
| 单 册: | ||
| 中图分类: | F719.3 | |
| 科图分类: | ||
| 主题词: | 饮食业--商业经营 | |
| 电子资源: | ||
| ISBN: | 978-7-5207-0164-8 | |
| 000 | 01320oam2 2200277 450 | |
| 001 | 0102100447 | |
| 005 | 20210406100757.46 | |
| 010 | @a978-7-5207-0164-8@dCNY88.00 | |
| 100 | @a20200622d2020 em y0chiy0110 ea | |
| 101 | 1 | @achi@cjpn |
| 102 | @aCN@b110000 | |
| 105 | @aa z 000yy | |
| 106 | @ar | |
| 200 | 1 | @a餐饮创业实战@Acan yin chuang ye shi zhan@h2@i小投资、低风险开店开业教科书@f(日)井泽岳志著@g陈修齐译 |
| 210 | @a北京@c东方出版社@d2020.05 | |
| 215 | @a12, 331页@c图@d21cm | |
| 225 | 2 | @a图解服务的细节@v096 |
| 300 | @a“十三五”国家重点出版物出版规划项目 | |
| 330 | @a本书教你如何从零起步做到旺店,是餐饮店开店开业前必读之书。具体分为“开业前”“开业准备过程”“即将开业时”“开业后”四个阶段,以Q&A(问·答)的形式为读者解答区域/店面的选择、菜单的制作、人才的录用/培养、广告宣传/促销活动、财务、事业计划等105个方面的问题。其中,除了初学者最关心的问题,还收集了一些初次创业的人容易忽略的问题。所以无论是对辞职之后准备转行开餐饮店的读者,还是具备餐饮店工作经验的读者,又或是刚刚开店正准备着手经营新店铺的读者,都会有很大帮助。内容非常实用。 | |
| 461 | 0 | @12001 @a图解服务的细节 |
| 606 | 0 | @a饮食业@x商业经营 |
| 690 | @aF719.3@v5 | |
| 701 | 0 | @c(日)@a井泽岳志@Ajing ze yue zhi@4著 |
| 702 | 0 | @a陈修齐@Achen xiu qi@4译 |
| 801 | 0 | @aCN@bBJSZM@c20210402 |
| 905 | @b1280073-7@dF719.3@e1158:2@f5 | |
| 餐饮创业实战.2.小投资、低风险开店开业教科书/(日)井泽岳志著/陈修齐译.-北京:东方出版社,2020.05 |
| 12, 331页:图;21cm.-(图解服务的细节;096) |
| “十三五”国家重点出版物出版规划项目 |
| ISBN 978-7-5207-0164-8:CNY88.00 |
| 本书教你如何从零起步做到旺店,是餐饮店开店开业前必读之书。具体分为“开业前”“开业准备过程”“即将开业时”“开业后”四个阶段,以Q&A(问·答)的形式为读者解答区域/店面的选择、菜单的制作、人才的录用/培养、广告宣传/促销活动、财务、事业计划等105个方面的问题。其中,除了初学者最关心的问题,还收集了一些初次创业的人容易忽略的问题。所以无论是对辞职之后准备转行开餐饮店的读者,还是具备餐饮店工作经验的读者,又或是刚刚开店正准备着手经营新店铺的读者,都会有很大帮助。内容非常实用。 |
| ● |
| 相关链接 |
|
|
|
|
正题名:餐饮创业实战
索取号:F719.3/1158:2
 
预约/预借
| 序号 | 登录号 | 条形码 | 馆藏地/架位号 | 状态 | 备注 |
| 1 | 1280073 | 212800735 | 第一样本阅览室/ [索取号:F719.3/1158:2] | 在馆 | |
| 2 | 1280074 | 212800744 | 教育系资料室/ [索取号:F719.3/1158:2] | 在馆 | |
| 3 | 1280075 | 212800753 | 教育系资料室/ [索取号:F719.3/1158:2] | 在馆 | |
| 4 | 1280076 | 212800762 | 第一借阅区/ [索取号:F719.3/1158:2] | 在馆 | |
| 5 | 1280077 | 212800771 | 第一借阅区/ [索取号:F719.3/1158:2] | 在馆 |